| 000 | 00359pab a2200145 454500 | ||
|---|---|---|---|
| 008 | 180718b2001 xxu||||| |||| 00| 0 eng d | ||
| 100 | _aNayak, Suratha | ||
| 245 | _aEconomic growth of SAARC countries: a comparative study | ||
| 260 | _c2001 | ||
| 300 | _ap.22-27 | ||
| 362 | _aJun | ||
| 650 | _aEconomic growth | ||
| 773 | _aThird Concept | ||
| 909 | _a48887 | ||
| 999 |
_c48887 _d48887 |
||